000 00427pab a2200157 454500
008 180718b2015 xxu||||| |||| 00| 0 eng d
100 _aChahande, Sanjay
245 _aImperative Indian administrative reforms: an impossible agenda?
260 _c2015
300 _ap.165-192.
362 _aSep
650 _aAdministrative reform - India
650 _aAdministrative reform
773 _aArtha Vijnana
909 _a112006
999 _c112001
_d112001